000 00330nam a2200133 i 4500
001 bg
100 1 _aMÜLLER, W.
245 0 _aHandbuch der zerstörungsfreien Materialprüfung /
_cW. Müller. Tl.3-4.
260 _aMonachium,
_c1960.
040 _cBPK
041 _apol
942 _cKS
008 s pl f |000 0 pol
999 _c8120
_d8120
856 _uhttp://koha.tu.koszalin.pl/cgi-bin/koha/opac-detail.pl?biblionumber=8120
_yKatalog online BPK